Memoria del V aniversario : 2002-2007 / 2002-2007 /
ISBN:
978-84-9803-243-7
Descripción Física:
129 p. : fot. ; 30 cm
Materias:
Fundació Democràcia i Govern Local
MARC
| LEADER | 00000nam a2200000Ia 4500 | ||
|---|---|---|---|
| 001 | 19955 | ||
| 008 | 160829s2007 xx 000 0 cat d | ||
| 017 | |a DL B-44214-2007 | ||
| 020 | |a 978-84-9803-243-7 | ||
| 080 | |a M-5-509 | ||
| 110 | 2 | |9 52936 |a Fundació Democràcia i Govern Local | |
| 245 | |a Memoria del V aniversario : |b 2002-2007 / |c Fundación Democracia y Gobierno Local | ||
| 246 | 1 | 2 | |a Memoria del quinot aniversario : |b 2002-2007 |
| 260 | |a Madrid : |b la Fundación, |c 2007 | ||
| 300 | |a 129 p. : |b fot. ; |c 30 cm | ||
| 590 | |a Algunes presentacions en català i castellà | ||
| 610 | 2 | 0 | |9 52936 |a Fundació Democràcia i Govern Local |
| 901 | |a Arxiu | ||
| 942 | |n 1 |2 udc | ||
| 952 | |0 0 |1 0 |4 0 |6 M5509 |7 1 |9 51846 |a Arxiu |b Arxiu |d 2016-12-01 |l 0 |o M-5-509 |p 19955 |r 2016-12-01 00:00:00 |w 2016-12-01 |y ARXIU | ||
| 952 | |0 0 |1 0 |4 0 |6 PDL |7 1 |9 63597 |a Arxiu |b Arxiu |d 2022-08-30 |l 0 |o PDL |p 26588 |r 2022-08-30 00:00:00 |w 2022-08-30 |y ARXIU | ||
| 999 | |c 55692 |d 55692 | ||